|
|
|
|
| LEADER |
03705nam a2200529 4500 |
| 001 |
978-3-319-73597-9 |
| 003 |
DE-He213 |
| 005 |
20191022042611.0 |
| 007 |
cr nn 008mamaa |
| 008 |
180115s2018 gw | s |||| 0|eng d |
| 020 |
|
|
|a 9783319735979
|9 978-3-319-73597-9
|
| 024 |
7 |
|
|a 10.1007/978-3-319-73597-9
|2 doi
|
| 040 |
|
|
|d GrThAP
|
| 050 |
|
4 |
|a QE471-471.15
|
| 072 |
|
7 |
|a RBGB
|2 bicssc
|
| 072 |
|
7 |
|a SCI091000
|2 bisacsh
|
| 072 |
|
7 |
|a RBGB
|2 thema
|
| 082 |
0 |
4 |
|a 551.3
|2 23
|
| 100 |
1 |
|
|a Singh, Anoop Kumar.
|e author.
|4 aut
|4 http://id.loc.gov/vocabulary/relators/aut
|
| 245 |
1 |
0 |
|a High Resolution Palaeoclimatic Changes in Selected Sectors of the Indian Himalaya by Using Speleothems
|h [electronic resource] :
|b Past Climatic Changes Using Cave Structures /
|c by Anoop Kumar Singh.
|
| 250 |
|
|
|a 1st ed. 2018.
|
| 264 |
|
1 |
|a Cham :
|b Springer International Publishing :
|b Imprint: Springer,
|c 2018.
|
| 300 |
|
|
|a XV, 146 p. 56 illus., 46 illus. in color.
|b online resource.
|
| 336 |
|
|
|a text
|b txt
|2 rdacontent
|
| 337 |
|
|
|a computer
|b c
|2 rdamedia
|
| 338 |
|
|
|a online resource
|b cr
|2 rdacarrier
|
| 347 |
|
|
|a text file
|b PDF
|2 rda
|
| 490 |
1 |
|
|a Springer Theses, Recognizing Outstanding Ph.D. Research,
|x 2190-5053
|
| 505 |
0 |
|
|a Introduction -- Speleothems and Climate -- Studied Speleothems and Methodology -- RESULTS -- Summary and Conclusion.
|
| 520 |
|
|
|a This thesis encompasses a study of past precipitation patterns based on six cave stalagmites from different parts of the Indian Himalaya. This is the first speleothem study in the Indian Himalaya that shows a direct relationship between past precipitation and the collapse of civilization. The stalagmites examined were KL-3 from Jammu and Kashmir; TCS and BR-1 from Himachal Pradesh; and DH-1, SA-1 and CH-1 from Uttarakhand. Based on the high-resolution palaeoclimatic reconstruction (35 U/th dates, 5 AMS dates, 1,500 samples for δ18O and δ13C values) obtained for the duration of the Pleistocene-Holocene transition (16.2-9.5 ka BP) and Mid-Holocene-Present (ca. 4.0 ka BP-Present), three major events were identified, namely the Older Dryas (OD), Bølling-Allerød (BA) period and Younger Dryas (YD) at ca. 14.3-13.9, 13.9-12.7 and 12.7-12.2 ka BP, respectively. The study showed a gradual reduction in the precipitation from 4 ka BP onwards for about a millennium with a peak arid period between 3.2 and 3.1 ka BP. According to the findings, the LIA (Little Ice Age) covers a time span from 1622-1820 AD, during which the climate was wetter than that in the post-LIA period (1820-1950 AD). In addition, this thesis supports the assumption that the WDs (Western Disturbances) contribute significantly to the total rainfall in the Himalaya region.
|
| 650 |
|
0 |
|a Sedimentology.
|
| 650 |
|
0 |
|a Hydrogeology.
|
| 650 |
|
0 |
|a Climatology.
|
| 650 |
|
0 |
|a Paleontology .
|
| 650 |
1 |
4 |
|a Sedimentology.
|0 http://scigraph.springernature.com/things/product-market-codes/G17080
|
| 650 |
2 |
4 |
|a Hydrogeology.
|0 http://scigraph.springernature.com/things/product-market-codes/G19005
|
| 650 |
2 |
4 |
|a Climatology.
|0 http://scigraph.springernature.com/things/product-market-codes/311000
|
| 650 |
2 |
4 |
|a Paleontology.
|0 http://scigraph.springernature.com/things/product-market-codes/G39000
|
| 710 |
2 |
|
|a SpringerLink (Online service)
|
| 773 |
0 |
|
|t Springer eBooks
|
| 776 |
0 |
8 |
|i Printed edition:
|z 9783319735962
|
| 776 |
0 |
8 |
|i Printed edition:
|z 9783319735986
|
| 776 |
0 |
8 |
|i Printed edition:
|z 9783319892528
|
| 830 |
|
0 |
|a Springer Theses, Recognizing Outstanding Ph.D. Research,
|x 2190-5053
|
| 856 |
4 |
0 |
|u https://doi.org/10.1007/978-3-319-73597-9
|z Full Text via HEAL-Link
|
| 912 |
|
|
|a ZDB-2-EES
|
| 950 |
|
|
|a Earth and Environmental Science (Springer-11646)
|